书目信息 |
| 题名: |
海地革命
|
|
| 作者: | 钟华 著 | |
| 分册: | ||
| 出版信息: | 北京 商务印书馆 1974 |
|
| 页数: | 37页 | |
| 开本: | 20cm | |
| 丛书名: | ||
| 单 册: | ||
| 中图分类: | K752.41 | |
| 科图分类: | ||
| 主题词: | 西印度群岛--历史 | |
| 电子资源: | ||
| ISBN: | ||
| 000 | 00526nam0 2200205 450 | |
| 001 | 0662752312 | |
| 005 | 20060817145033.31 | |
| 010 | @dCNY0.10 | |
| 100 | @a20060814d1974 km y0chiy0120 ea | |
| 101 | 0 | @achi |
| 102 | @aCN@b110000 | |
| 200 | 1 | @a海地革命@Ahai di ge ming@f钟华著@Fzhong hua zhu |
| 210 | @a北京@c商务印书馆@d1974 | |
| 215 | @a37页@d20cm | |
| 300 | @a历史知识读物 | |
| 606 | 0 | @a西印度群岛@x历史 |
| 690 | @aK752.41@v3 | |
| 701 | 0 | @a钟华@Azhong hua@4著 |
| 801 | 0 | @aCN@bPFT@c20060817 |
| 905 | @a10447@dK752.41@e3 | |
| 海地革命/钟华著.-北京:商务印书馆,1974 |
| 37页;20cm |
| 历史知识读物 |
| ISBN :CNY0.10 |
| ● |
| 相关链接 |
|
|
|
|
正题名:海地革命
索取号:K752.41/3
 
预约/预借
| 序号 | 登录号 | 条形码 | 馆藏地/架位号 | 状态 | 备注 |
| 1 | 0462628 | 204626280 | 密集书库/ [索取号:K752.41/3] | 在馆 | |
| 2 | 0466289 | 204662891 | 密集书库/ [索取号:K752.41/3] | 在馆 |